000 01097cam a2200277 4500
008 010921n2002 000 0 eng u
020 _a0415266459
035 _a(Sirsi) u114766
050 _a692.5
100 _aSpain, B.
245 _aSpon's estimating costs guide to minor works, refurbishment and repairs
260 _aLondon
_bSpon Press
_c2002
300 _axxi, 272p. ; 23cm.
350 _a24.99
520 _a Specially written for contractors and small businesses carrying out small works, this price book contains information on thousands of rates, each broken down into labour material overheads and profit. It includes unit rates for all the main types of minor works, alterations and repairs.
650 _aBUILDING PRICE BOOKS
650 _aMINOR WORKS
650 _aBUILT ENVIRONMENT-BUILDING MAINTENANCE AND REFURBISHMENT
650 _aBUILT ENVIRONMENT-BUILDING COSTS
650 _aALTERATIONS
650 _aSPONS
650 _aBUILT ENVIRONMENT-BUILDING COSTS
650 _aCONSTRUCTION COSTS
690 _aBUILT ENVIRONMENT-BUILDING COSTS
942 _n0
999 _c101669
_d101669